000 00997nam a22002537a 4500
005 20150513161407.0
010 _aENG-112649
020 _a9788179860854
_c350.00
020 _a817986-085x
_c350.00
035 _aEN-96181
037 _bDBAD/PUB
082 _a 211.60954133
245 0 0 _aSecularism and national integration :
_cedited by Bijayananda Kar
_bwith special reference to Orissa /
260 _aShimla
_bIndian Institute of Advanced Study
_c2011
270 _aRashtrapati Nivas
_bShimla
_e171005
300 _axviii,156p.
_c22cm(Hb)
500 _aIncludes bibliographical references and index.
520 _a Papers presented at a national seminar and two colloquia held at IIAS, Shimla in 2005 and 2006.
650 _a Secularism
_zIndia
_zOrissa
_v Congresses.
650 _aReligion and politics
_zIndia
_zOrissa
_vCongresses.
650 _a Nationalism
_zIndia
_zOrissa
_vCongresses.
700 _aKar, Bijayananda
942 _2ddc
_cEN
_mSEC
_h 211.60954133
999 _c92823
_d92823